Normal view
MARC view
Entry Personal Name
001 - CONTROL NUMBER
- control field: 7697
003 - CONTROL NUMBER IDENTIFIER
- control field: OSt
005 - DATE AND TIME OF LATEST TRANSACTION
- control field: 20211028144216.0
008 - FIXED-LENGTH DATA ELEMENTS
- fixed length control field: 211028|| aca||aabn | a|a d
040 ## - CATALOGING SOURCE
- Original cataloging agency: OSt
- Transcribing agency: OSt
100 ## - HEADING--PERSONAL NAME
- Personal name: Dias, Remina Sharel; Kudtarkar, Ravi.
- Miscellaneous information: 1516122
670 ## - SOURCE DATA FOUND
- Source citation: Work cat.: (OSt): Dias, Remina Sharel; Kudtarkar, Ravi. 1516122, Study on customer loyalty of lee cooper with reference to central ( Forum Mall Mangalore)., 2017